00804nam a2200217Ia 4500003000900000008004100009020001800050040001600068080001700084100002600101245011000127260004400237300001300281490005300294650002000347650003400367650001100401942000700412999001700419952015000436IN-BaIIA211028s9999 xx 000 0 eng d a0-19-509019-5 cIIA Library a535.317bHAR aHardy, John W.930581 0aAdaptive optics for astronomical telescopescJohn W. Hardy  aNew YorkbOxford University Pressc1998 ax, 438p. aOxford series in optical and imaging science; 16 aAdaptive930582 aAstronomical telescope930583 aOptics cBK c16478d16478 00104070aBANbBANcGENd2007-06-02eALL g9316.00l7m6o535.317/ HARp17400r2026-03-13s2026-03-13v9316.00w2007-06-02yBKGRs. 9316.00